| 000 | 01334nam a2200325 i 4500 | ||
|---|---|---|---|
| 001 | 184744 | ||
| 003 | ES-MaACL | ||
| 005 | 20250828023908.0 | ||
| 008 | 151125s2007 sp |||| | spa d | ||
| 020 | _a978-84-259-1381-5 | ||
| 080 | _a37.03(460) | ||
| 080 | _a2:37(460) | ||
| 080 | _a322.24(460) | ||
| 245 | 0 | 0 |
_aEducación en valores _b: ideología y religión en la escuela pública / _cAntonio López Castillo (ed.) ; estudio introductorio de José Álvarez Junco ; Alfonso Fernández-Miranda ... [et al.]. |
| 260 |
_aMadrid : _bCentro de Estudios Políticos y Constitucionales, _c2007. |
||
| 300 |
_a316 p. ; _c22 cm. |
||
| 490 | 1 |
_aCuadernos y debates ; _v176 |
|
| 650 | 7 |
_aEducación en valores _2embne _912101 |
|
| 650 | 4 |
_aReligión- _xEnseñanza- _zEspaña- _yS.XX. _916798 |
|
| 650 | 4 |
_aLaicismo- _zEspaña. _9158232 |
|
| 700 | 1 |
_aLópez Castillo, Antonio. _9158233 |
|
| 700 |
_aÁlvarez Junco, José, _d1942- _9237536 |
||
| 700 | 1 |
_aFernández-Miranda Campoamor, Alfonso. _949929 |
|
| 710 | 2 |
_aCentro de Estudios Políticos y Constitucionales (España) _92666 |
|
| 830 | 1 |
_aCuadernos y debates ; _v176 _9180619 |
|
| 852 |
_aES-MaACL _jA-13646 _9191755 _bR.150869 _cDEPO1 _dOlim: N-6646 _hDonacion: Luis Arriaga |
||
| 903 |
_923276 _aArriaga, José Luis _ednr |
||
| 942 | _2udc | ||
| 999 |
_c184744 _d184744 |
||